[Event "HCL-E1535"]
[Site "www.playchess.de"]
[Date "2006.02.07"]
[Round "18"]
[White "Matu"]
[Black "alldrix"]
[WhiteElo "1457"]
[BlackElo "1600"]
[PlyCount "106"]
[Result "0-1"]

1.Nf3 e6 2.b3 f5 3.Bb2 Nf6 4.g3 Be7 5.Bg2 O-O 
6.O-O c6 7.e3 d5 8.d4 Nbd7 9.Nbd2 Ne4 10.c4 Bd6 
11.a3 Ndf6 12.b4 Bd7 13.h3 Be8 14.Ne5 Bh5 15.f3 
Nxg3 16.Rf2 Nge4 17.Rf1 Nxd2 18.Qxd2 Nd7 19.c5 
Bxe5 20.dxe5 b6 21.cxb6 axb6 22.f4 c5 23.Bc3 c4 
24.Bf3 Qh4 25.Bxh5 Qxh5 26.Qg2 Kh8 27.Kh2 Rfg8 
28.Qf3 Qxf3 29.Rxf3 g5 30.Rg3 gxf4 31.exf4 b5 
32.Rxg8+ Rxg8 33.a4 bxa4 34.Rxa4 Nb8 35.Ra7 Rg7 
36.Rxg7 Kxg7 37.Kg3 Kg6 38.b5 h6 39.Kf3 Kf7 40.Ke3 
Ke7 41.Bb4+ Kd8 42.Kd4 Nd7 43.Ba5+ Kc8 44.h4 h5 
45.Bb4 Kb7 46.Ba5 Ka7 47.Bc7 Nf8 48.Bd8 Ng6 49.Ke3 
Kb7 50.Kf3 d4 51.Kg3 c3 52.Ba5 c2 53.Bd2 
Kb6 0-1

[Event "ACL-M065"]
[Site "www.playchess.de"]
[Date "2006.02.07"]
[Round "27"]
[White "chessnuts"]
[Black "Lullo"]
[WhiteElo "1861"]
[BlackElo "2171"]
[PlyCount "74"]
[Result "0-1"]

1.d4 {Hi.. good game}  d5 {Hi, have a nice game}  
2.c4 dxc4 3.e3 e5 4.Bxc4 exd4 5.exd4 Bd6 6.Nf3 Nf6 
7.Nc3 O-O 8.O-O Nc6 9.Bg5 h6 10.Bh4 Bg4 11.Re1 Rb8 
12.Ne4 Be7 13.Bxf6 Bxf6 14.d5 b5 15.Be2 Bxf3 
16.Bxf3 Ne5 17.Bh5 g6 18.Be2 Bg7 19.Rc1 Re8 20.b3 
Rb6 21.Bf1 a6 22.a4 bxa4 23.bxa4 Rb4 24.Bxa6 Rd4 
25.Qb3 Rxd5 26.Red1 Rxd1+ 27.Rxd1 Qh4 28.Nc5 Ng4 
29.Qg3 Qh5 30.Qh3 Qg5 31.Nd3 Bd4 32.Rf1 Re6 33.Bb5 
Rf6 34.Qg3 Kg7 35.Bc4 h5 36.a5 h4 37.Qh3 
Rc6 0-1

[Event "HCL-A2558"]
[Site "www.playchess.de"]
[Date "2006.02.07"]
[Round "8"]
[White "pawnstorm"]
[Black "freno"]
[WhiteElo "1555"]
[BlackElo "1577"]
[PlyCount "72"]
[Result "0-1"]

1.d4 d5 2.Bf4 Nf6 3.c3 e6 4.e3 Be7 5.Bd3 Nbd7 
6.Nf3 Nh5 7.Nbd2 Nxf4 8.exf4 c6 9.O-O g6 10.Ne5 
Nxe5 11.fxe5 Bd7 12.b4 O-O 13.f4 Kg7 14.Qg4 a5 
15.a3 axb4 16.axb4 b6 17.Rxa8 Qxa8 18.f5 exf5 
19.Bxf5 Bxf5 20.Rxf5 Qa1+ 21.Rf1 Qxc3 22.Nf3 Qxb4 
23.Qd7 b5 24.Rc1 Rd8 25.Qxc6 Qb3 26.Rc3 Qd1+ 
27.Kf2 b4 28.Rc1 Qb3 29.Qc7 Kf8 30.Qc2 Qxc2+ 
31.Rxc2 Ra8 32.Rb2 Ra3 33.h3 Ke8 34.g3 Kd7 35.Ne1 
b3 36.Nf3 Ra2 0-1

[Event "HCL-C4136"]
[Site "www.playchess.de"]
[Date "2006.02.07"]
[Round "3"]
[White "nichju"]
[Black "chimiel"]
[WhiteElo "1138"]
[BlackElo "1562"]
[PlyCount "94"]
[Result "0-1"]

1.e4 {Hello again}  e5 {hello}  2.Nf3 Qf6 3.c3 Bc5 
4.b4 Bd6 5.d4 Nc6 6.d5 Nce7 7.Bg5 Qg6 8.h4 Qxe4+ 
9.Be2 Nxd5 10.Bd2 Ngf6 11.O-O O-O 12.Ng5 Qxh4 
13.g3 Qh6 14.Ne6 g5 15.Nxf8 Qxf8 16.Bxg5 Ne4 
17.Qc1 b6 18.Bd3 Nef6 19.Bxf6 Nxf6 20.Qg5+ Qg7 
21.Qh4 Bb7 22.Nd2 Be7 23.Rae1 Nd5 24.Nf3 Bxh4 
25.Nxh4 {I am so stupid}  Nxc3 26.Nf5 Qg5 27.Rxe5 
Qh5 28.Ne7+ Kf8 29.Rxh5 Kxe7 30.Re1+ Kf6 31.Rxh7 
Rg8 32.Rh6+ Kg5 33.Rh7 Nxa2 34.Re5+ Kf6 35.Rf5+ 
Ke6 36.Rhxf7 Nxb4 37.Bc4+ d5 38.Be2 Nc2 39.Bh5 Nd4 
40.R5f6+ Ke5 41.f4+ Ke4 42.Re7+ Kd3 43.Kf2 Rh8 
44.Bg6+ Kd2 45.Rxc7 Ba6 46.Rxa7 Rh2+ 47.Kg1 
Nf3+ 0-1

[Event "HCL-E1506"]
[Site "www.playchess.de"]
[Date "2006.02.07"]
[Round "8"]
[White "Dr_Matt"]
[Black "gambitfan"]
[WhiteElo "2000"]
[BlackElo "1302"]
[PlyCount "49"]
[Result "1-0"]

1.d4 Nf6 2.c4 e6 3.Nc3 Bb4 4.Nf3 b6 5.Bg5 Bb7 6.e3 
h6 7.Bh4 g5 8.Bg3 Ne4 9.Qc2 Bxc3+ 10.bxc3 d6 
11.Bd3 f5 12.d5 Nd7 13.Bxe4 fxe4 14.Qxe4 Qf6 
15.O-O O-O-O 16.Qxe6 Qxe6 17.dxe6 Nc5 18.Nd4 Rde8 
19.Rfd1 Nxe6 20.Rab1 Nc5 21.Nb5 Kb8 22.Rxd6 cxd6 
23.Bxd6+ Kc8 24.Nxa7+ Kd7 25.Bxc5 1-0

[Event "HCL-C3962"]
[Site "www.playchess.de"]
[Date "2006.02.07"]
[Round "16"]
[White "mothball"]
[Black "JerryReneau"]
[WhiteElo "1289"]
[BlackElo "1117"]
[PlyCount "98"]
[Result "0-1"]

1.Nf3 d5 2.g3 Nc6 3.Bg2 Nf6 4.O-O e5 5.d3 Qe7 
6.Nbd2 e4 7.Nh4 Be6 8.dxe4 O-O-O 9.Nf5 Bxf5 
10.exf5 Qe5 11.Bh3 Kb8 12.Nf3 Qe7 13.Bg5 h6 14.Be3 
g5 15.fxg6 fxg6 16.Bg2 Ng4 17.Nd4 Qf6 18.Nxc6+ 
Qxc6 19.Bxa7+ Kxa7 20.Qd4+ Bc5 21.Qxg4 h5 22.Qf3 
Rhf8 23.Qd3 b6 24.Rad1 Rf5 25.e4 Rf7 26.exd5 Qf6 
27.Rd2 c6 28.c4 g5 29.a3 h4 30.b4 Be7 31.g4 Qf4 
32.Qd4 Qxd4 33.Rxd4 c5 34.Rd3 cxb4 35.axb4 Bxb4 
36.Ra1+ Kb8 37.Rf3 Rxf3 38.Bxf3 Kc7 39.Ra7+ Kd6 
40.Rg7 Bd2 41.Kf1 Kc5 42.Ke2 Bf4 43.Kd3 Rf8 44.Be2 
Bxh2 45.f3 Bf4 46.Rh7 Rd8 47.Bf1 b5 48.Rc7+ Bxc7 
49.Ke4 bxc4 0-1

[Event "HCL-E1544"]
[Site "www.playchess.de"]
[Date "2006.02.07"]
[Round "7"]
[White "Eishockeytorwart"]
[Black "mrchess"]
[WhiteElo "1949"]
[BlackElo "1418"]
[PlyCount "39"]
[Result "1-0"]

1.e4 {welcome from germany}  c5 {hello}  2.Nf3 Nc6 
3.Nc3 d6 4.d4 cxd4 5.Nxd4 g6 6.Bb5 Qc7 7.Nd5 Qd7 
8.Qf3 Bg7 9.e5 Bxe5 10.Nxc6 bxc6 11.Bxc6 Kf8 
12.Bxd7 Bxd7 13.Nb6 Rd8 14.Nxd7+ Rxd7 15.Qc6 Nf6 
16.c3 d5 17.Bh6+ Ke8 18.O-O-O e6 19.Rhe1 Bxh2 
20.Bg7 1-0

[Event "HCL-C4016"]
[Site "www.playchess.de"]
[Date "2006.02.07"]
[Round "21"]
[White "Milosforman"]
[Black "foxcar"]
[WhiteElo "928"]
[BlackElo "1202"]
[PlyCount "68"]
[Result "0-1"]

1.d4 d5 {Hi again, good luck}  2.Nf3 Bf5 3.e3 e6 
4.Ne5 Nd7 5.Nxd7 Qxd7 6.a4 Bb4+ 7.Bd2 Bxd2+ 8.Nxd2 
Nf6 9.h3 Ne4 10.Nxe4 Bxe4 11.f3 Bf5 12.Bb5 c6 
13.Bd3 Bxd3 14.Qxd3 O-O 15.O-O Rac8 16.f4 c5 17.f5 
c4 18.Qe2 exf5 19.Qh5 g6 20.Qg5 f6 21.Qg3 c3 22.b3 
Qe6 23.h4 Qe4 24.Rf4 Qxc2 25.Rxf5 Qxf5 26.Rf1 
{ouch!}  Qc2 {sorry!}  27.h5 g5 28.h6 Qg6 29.Qh2 
c2 30.Rc1 Qd3 31.Qd6 Qxe3+ 32.Kh1 Qxc1+ 33.Kh2 
Qf4+ 34.Qxf4 gxf4 0-1

[Event "HCL-A2557"]
[Site "www.playchess.de"]
[Date "2006.02.07"]
[Round "7"]
[White "Deep_Trouble"]
[Black "Aggie"]
[WhiteElo "1652"]
[BlackElo "1328"]
[PlyCount "73"]
[Result "1-0"]

1.d4 {Welcome to our match.}  Nf6 2.Nf3 d5 {Here's 
to a good game !}  3.Bg5 Ne4 4.Bf4 Bf5 5.Nbd2 e6 
6.e3 Bd6 7.Bxd6 Qxd6 8.c3 O-O 9.Bd3 Nxd2 10.Qxd2 
Bxd3 11.Qxd3 Nc6 12.O-O f6 13.e4 dxe4 14.Qxe4 Rfe8 
15.Rad1 f5 16.Qh4 Ne7 17.Ne5 Qd5 18.b3 Nc6 19.c4 
Qd8 20.Qxd8 Raxd8 21.Nxc6 bxc6 22.f4 g6 23.Rfe1 
Rd6 24.Re5 Kf7 25.Ra5 Ra8 26.c5 Rd5 27.Ra6 Rd7 
28.Rxc6 a5 29.Re1 Re7 30.d5 Rae8 31.Rexe6 R7xe6 
32.dxe6+ Rxe6 33.Rxc7+ Kg8 34.Ra7 Rc6 35.Rxa5 Kg7 
36.b4 Kh6 37.Ra3 1-0

[Event "HCL-C4069"]
[Site "www.playchess.de"]
[Date "2006.02.07"]
[Round "9"]
[White "cleonedefigueiredo"]
[Black "TheBiologist"]
[WhiteElo "800"]
[BlackElo "800"]
[PlyCount "51"]
[Result "0-1"]

1.e4 e5 {Hello, have a nice game.}  2.Nf3 {Hi.}  
Nc6 3.d3 d5 4.exd5 Qxd5 5.Nc3 Bb4 6.Bd2 Qa5 7.a3 
Bxc3 8.Bxc3 Qd5 9.g3 Bg4 10.Be2 O-O-O 11.Nxe5 
Qxh1+ 12.Kd2 Qxh2 13.Nxg4 Qh5 14.Ne3 Qg5 15.Bg4+ 
Kb8 16.Qf3 Ne5 17.Bxe5 Qxe5 18.Rb1 Nf6 19.Nc4 Qg5+ 
20.Ne3 Nxg4 21.c4 Nxe3 22.fxe3 Qa5+ 23.Ke2 Rhe8 
24.e4 f6 25.Rc1 f5 26.Qxf5 0-1

[Event "HCL-M866"]
[Site "www.playchess.de"]
[Date "2006.02.07"]
[Round "9"]
[White "pcmvr"]
[Black "zmaster"]
[WhiteElo "2176"]
[BlackElo "1959"]
[PlyCount "43"]
[Result "1-0"]

1.b4 {Succes}  e6 {jij ook}  2.Bb2 Nf6 3.b5 Be7 
4.Nf3 O-O 5.e3 a6 6.a4 d5 7.Be2 axb5 8.axb5 Rxa1 
9.Bxa1 Qd6 10.O-O Nbd7 {Een gezond en gelukkig 
2006!}  11.Bb2 {Ook een gezond en gelukkig 2006 
toegewenst}  c5 {Dank je.}  12.c4 b6 13.cxd5 Qxd5 
14.d3 Bb7 15.Nbd2 Qf5 16.Nc4 Ra8 17.e4 Qf4 18.Nfe5 
Qh4 19.f4 Nxe5 20.fxe5 Nd7 21.Bh5 Rf8 
22.g3 1-0

[Event "HCL-A2557"]
[Site "www.playchess.de"]
[Date "2006.02.07"]
[Round "8"]
[White "Aggie"]
[Black "Deep_Trouble"]
[WhiteElo "1328"]
[BlackElo "1652"]
[PlyCount "74"]
[Result "0-1"]

1.e4 e6 {Have a good game.}  2.d4 {Glad to meet 
you!  Here's to a good game.}  d5 3.e5 c5 4.Nf3 
Nc6 5.Bb5 Bd7 6.Bxc6 Bxc6 7.O-O Qb6 8.Nc3 cxd4 
9.Nxd4 Bc5 10.Nxc6 Qxc6 11.Re1 Ne7 12.Bg5 O-O 
13.Qg4 Qb6 14.Bh6 Bxf2+ 15.Kf1 Nf5 16.Bd2 Bxe1 
17.Rxe1 Qxb2 18.Qa4 Qb6 19.g4 Qd4 20.Qxd4 Nxd4 
21.Rc1 Nf3 22.Bf4 a6 23.Ne2 Rfc8 24.Kf2 Nh4 25.h3 
Ng6 26.Bg3 Nf8 27.c3 Nd7 28.h4 f6 29.exf6 Nxf6 
30.g5 Ne4+ 31.Kg2 Nxg3 32.Kxg3 e5 33.Kg4 Rc4+ 
34.Kh3 d4 35.cxd4 Rxc1 36.Nxc1 exd4 37.Kg4 
Rc8 0-1

[Event "HCL-C3899"]
[Site "www.playchess.de"]
[Date "2006.02.07"]
[Round "14"]
[White "schachsky"]
[Black "alauddin"]
[WhiteElo "1184"]
[BlackElo "946"]
[PlyCount "77"]
[Result "1-0"]

1.e4 {Hallo, prettige partij!}  e5 {jup... een 
prettige partij!}  2.Nf3 Nc6 3.Nc3 a6 4.Bc4 Bb4 
5.d3 Bxc3+ 6.bxc3 d6 7.Ng5 Nh6 8.O-O O-O 9.f4 Bg4 
10.Qd2 b5 11.Bd5 Qd7 12.f5 Rab8 13.a4 Ne7 14.Bb3 
d5 15.h3 Bh5 16.g4 Nxg4 17.hxg4 Bxg4 18.Qg2 Bh5 
19.Bd2 c6 20.Nf3 Qa7+ 21.Kh2 Rbd8 22.Bh6 Bg6 
23.Nxe5 {beste wensen voor 2006!}  gxh6 24.fxg6 
hxg6 25.axb5 Qc7 26.bxa6 Qxe5+ 27.Qg3 Qxc3 28.e5 
c5 29.a7 Nc6 30.a8Q Rdxa8 31.Rxa8 Rxa8 32.Bxd5 Rc8 
33.e6 Qxc2+ {ik geloof dat ik het beter op kan 
geven...}  34.Rf2 {?we zullen zien ...}  Qc3 
35.exf7+ Kf8 36.Qd6+ Kg7 37.f8Q+ Rxf8 38.Qxf8+ Kh7 
39.Qg8+ {Bedankt voor het spel; ik zie je nog in 
de andere partij !}  1-0

[Event "HCL-T258"]
[Site "www.playchess.de"]
[Date "2006.02.07"]
[Round "11"]
[White "knightprancer"]
[Black "Goofy"]
[WhiteElo "1284"]
[BlackElo "2000"]
[PlyCount "84"]
[Result "0-1"]

1.b4 c6 2.Bb2 {Hallo aus Munchen ind viel Gluck}  
a5 {Same to you! ;o))}  3.a3 axb4 4.axb4 Rxa1 
5.Bxa1 Nf6 6.g3 e6 7.Bxf6 Qxf6 8.c3 d5 9.Bg2 Bd6 
10.Nf3 e5 11.O-O O-O 12.d3 Qh6 13.Qd2 Qh5 14.Qg5 
Qxg5 15.Nxg5 h6 16.Nf3 f5 17.Nbd2 e4 18.dxe4 fxe4 
19.Nd4 Nd7 20.Bh3 Ne5 21.Bxc8 Rxc8 22.Rb1 b6 23.b5 
c5 24.Ne6 g5 25.f4 exf3 26.exf3 Kf7 27.f4 Kxe6 
28.fxe5 Bxe5 29.Re1 Kd6 30.Nb1 d4 31.c4 Ra8 32.Rc1 
Ra2 33.Rd1 Rc2 34.Nd2 g4 35.Kf2 Bf6 36.Ke1 Ke5 
37.Ra1 Bg5 38.Rd1 Rxd2 39.Rxd2 Bxd2+ 40.Kxd2 Ke4 
41.Ke2 d3+ 42.Kd2 Kd4 0-1

[Event "HCL-C4061"]
[Site "www.playchess.de"]
[Date "2006.02.07"]
[Round "1"]
[White "Mongol"]
[Black "daveboy6968"]
[WhiteElo "1229"]
[BlackElo "1008"]
[PlyCount "93"]
[Result "1-0"]

1.e4 e5 {hi good luck + happy new year ;-)}  2.Nf3 
{Happy New Year!}  d6 3.Bc4 f6 {:-)}  4.d4 {:-)}  
Bg4 5.dxe5 fxe5 6.h3 Bxf3 7.Qxf3 Nf6 8.Bg5 Nbd7 
9.Nc3 c6 10.Be6 Be7 11.O-O-O b5 12.Bxd7+ Qxd7 
13.Rd3 h6 14.Bxf6 Bxf6 15.Qh5+ Ke7 16.Rhd1 Rag8 
17.R3xd6 Qc8 18.R6d7+ Qxd7 19.Rxd7+ Kxd7 20.Qf7+ 
Kd6 21.Qxa7 Rga8 22.Qb6 Rhb8 23.Nxb5+ Kd7 24.Qc7+ 
Ke6 25.Qd6+ Kf7 26.Nc7 Rbd8 27.Qe6+ Kf8 28.Nxa8 
Rxa8 29.Qxc6 Rxa2 30.Qc8+ Kf7 31.Qc4+ Kg6 32.Qxa2 
Kg5 33.Qf7 h5 34.f3 g6 35.g3 h4 36.gxh4+ Kxh4 
37.Qxf6+ g5 38.Qh6+ Kg3 39.Qxg5+ Kxf3 40.Kd2 Kf2 
41.Qf5+ Kg3 42.Qg4+ Kf2 43.Qf5+ Kg2 44.Ke2 Kg3 
45.Qg4+ Kh2 46.Kf1 Kh1 47.Qg2+ 1-0

[Event "HCL-A2556"]
[Site "www.playchess.de"]
[Date "2006.02.07"]
[Round "15"]
[White "Whiterock"]
[Black "hal1958"]
[WhiteElo "1472"]
[BlackElo "1477"]
[PlyCount "120"]
[Result "0-1"]

1.e4 {Hi again Paul. Good luck!}  e5 {hi, have a 
nice game}  2.Nc3 Bc5 3.f4 exf4 4.Nf3 Nc6 5.d4 Bb4 
6.Bxf4 d6 7.Bb5 Bd7 8.Qd3 Nge7 9.O-O O-O 10.a3 Ba5 
11.Ng5 h6 12.Nf3 a6 13.Bc4 b5 14.Ba2 Bb6 15.Kh1 
Bg4 16.Ne2 Rb8 17.d5 Na7 18.e5 Nac8 19.e6 Bf5 
20.exf7+ Rxf7 21.Qd2 Kh7 22.Ng3 Bg6 23.Nh4 Qf8 
24.b3 a5 25.c4 bxc4 26.bxc4 Qd8 27.Nxg6 Nxg6 
28.Rae1 Nce7 29.Bb1 Qd7 30.h4 Kg8 31.Be3 Bxe3 
32.Qxe3 Ne5 33.Rxf7 Kxf7 34.Rf1+ Kg8 35.Qe4 N7g6 
36.h5 Nf8 37.Nf5 Re8 38.g4 Nf7 39.Qd4 Ng5 40.Qa7 
a4 41.Bc2 Re2 42.Bxa4 Qd8 43.Bb5 Re4 44.Qg1 Nd7 
45.a4 Ne5 46.Ne3 Ngf3 47.Qg3 Rxe3 48.a5 Qh4+ 
49.Qxh4 Nxh4 50.Ra1 Rh3+ 51.Kg1 Nef3+ 52.Kf2 Nd4 
53.a6 Rf3+ 54.Kg1 Rf8 55.a7 Ra8 56.Bd7 Nhf3+ 
57.Kf2 Ne5 58.Bc8 Nb3 59.Ra2 Nc5 60.Kg3 
Nxc4 0-1

[Event "HCL-C4118"]
[Site "www.playchess.de"]
[Date "2006.02.07"]
[Round "10"]
[White "WPrimo"]
[Black "gordi"]
[WhiteElo "1297"]
[BlackElo "1270"]
[PlyCount "69"]
[Result "1-0"]

1.e4 e5 2.Nf3 d6 3.Nc3 Nf6 4.Bc4 h6 5.h3 Be7 6.d3 
O-O 7.Ne2 Nc6 8.c3 d5 9.exd5 Nxd5 10.O-O Nf6 
11.Ng3 a6 12.Re1 b5 13.Bb3 Bd6 14.Ne4 Nxe4 15.dxe4 
Qf6 16.Re3 Bc5 17.Rd3 Be7 18.Bd5 Bd7 19.Ne1 Rad8 
20.Rf3 Qg6 21.Rg3 Qf6 22.Qf3 Qxf3 23.Rxf3 b4 
24.cxb4 Bxb4 25.Be3 Rdb8 26.b3 Ne7 27.Bc4 Bb5 
28.Bxb5 axb5 29.Nd3 Bd6 30.b4 c6 31.Nc5 Rba8 
32.Rg3 Ng6 33.a3 Be7 34.Nb7 Ra7 
35.Bxa7 1-0

[Event "HCL-T255"]
[Site "www.playchess.de"]
[Date "2006.02.07"]
[Round "14"]
[White "puddschini"]
[Black "abebebikila"]
[WhiteElo "2002"]
[BlackElo "1724"]
[PlyCount "87"]
[Result "1-0"]

1.e4 e5 2.Nf3 Nc6 3.Bb5 f5 {good luck}  4.Nc3 fxe4 
5.Nxe4 {Same to you, enjoy the game.}  d5 6.Nxe5 
dxe4 7.Nxc6 Qg5 8.Qe2 Nf6 9.f4 Qh4+ 10.g3 Qh3 
11.Ne5+ c6 12.Bc4 Bc5 13.d3 Ng4 14.Qxe4 Nf2 
15.Bf7+ Kd8 16.Qc4 Bb6 17.Rf1 Qxh2 18.Qb4 Bf5 
19.Qd6+ Kc8 20.Be6+ Bxe6 21.Qxe6+ Kb8 22.Qd6+ Bc7 
23.Qe7 Nh1 24.Qxg7 Qxg3+ 25.Qxg3 Nxg3 26.Rg1 Nf5 
27.Rg5 Nd4 28.Rg2 Kc8 29.Be3 Nf5 30.Kf2 Kd8 
31.Nf7+ Ke7 32.Nxh8 Rxh8 33.Rh1 h5 34.Rg5 Nxe3 
35.Kxe3 Kf6 36.Rhxh5 Re8+ 37.Kf3 Bb6 38.Rh6+ Kf7 
39.Rh7+ Kf6 40.Rgh5 Re3+ 41.Kg4 Ke6 42.b4 Re1 
43.R5h6+ Kd5 44.Rd7+ 1-0

[Event "HCL-C4130"]
[Site "www.playchess.de"]
[Date "2006.02.07"]
[Round "17"]
[White "Milosforman"]
[Black "Skipper_Robert"]
[WhiteElo "944"]
[BlackElo "986"]
[PlyCount "131"]
[Result "1-0"]

1.d4 d5 2.Nc3 Nf6 3.e3 Nc6 4.Bb5 Bd7 5.Bxc6 Bxc6 
6.Nge2 e6 7.h3 Bd6 8.Qd3 Qd7 9.a4 a5 10.Nb5 e5 
11.Nxd6+ Qxd6 12.f4 e4 13.Qd1 O-O 14.b3 b5 15.axb5 
Bxb5 16.Ba3 Qa6 17.Bxf8 Kxf8 18.b4 Qb6 19.c3 a4 
20.Ng3 a3 21.Qc1 a2 22.Ne2 Bd3 23.Qd2 Bc4 24.Nc1 
Qa6 25.Rf1 Bxf1 26.Rxa2 Qb7 27.Rxa8+ Qxa8 28.Kxf1 
Qa6+ 29.Kg1 Nh5 30.Kh2 Qg6 31.Qf2 Qc6 32.Ne2 Qf6 
33.g4 Nxf4 34.Qxf4 Qh4 35.Qg3 Qd8 36.Qe5 Kg8 
37.Nf4 h6 38.Nxd5 Qh4 39.Qg3 Qd8 40.Nxc7 Qe7 41.b5 
Qa3 42.c4 Qa2+ 43.Qg2 Qxc4 44.b6 Qb3 45.Na8 Qd5 
46.Nc7 Qb7 47.Qg3 Qxb6 48.d5 Qb2+ 49.Qg2 Qc3 50.d6 
Qxe3 51.h4 Qf4+ 52.Qg3 Qd2+ 53.Kh3 e3 54.Qf4 Qc3 
55.Nd5 {another nice position....}  e2+ 56.Nxc3 
e1Q 57.Qf3 Qd2 58.Nd5 Qa5 59.Nc7 Qe5 60.d7 Qd6 
61.Qa8+ Kh7 62.d8Q Qf4 63.Qdh8+ Kg6 64.Qa6+ f6 
65.h5+ {nice game}  Kf7 {yes, but it is your game, 
thats not so nice}  66.Qe8+ {the other one is 
yours... have a look! ;o) thank u for have playied 
see u next game}  1-0

[Event "HCL-E1480"]
[Site "www.playchess.de"]
[Date "2006.02.07"]
[Round "16"]
[White "alldrix"]
[Black "Glomp"]
[WhiteElo "1723"]
[BlackElo "1636"]
[PlyCount "72"]
[Result "0-1"]

1.e4 {greetings from Aracaju}  c5 {Grettings from 
Hannover.}  2.b4 cxb4 3.d4 d5 4.Nd2 Nc6 5.Ngf3 
dxe4 6.Nxe4 Bg4 7.d5 Bxf3 8.gxf3 f5 9.Ng3 Nb8 
10.Nxf5 Nf6 11.Bb5+ Nbd7 12.d6 e6 13.Qe2 Kf7 
14.Bc4 Nd5 15.Rg1 g6 16.Bb2 N7f6 17.Ne3 Nxe3 
18.fxe3 Bxd6 19.O-O-O Qc7 20.h4 Rhe8 21.e4 Bf4+ 
22.Kb1 Rad8 23.Bb3 Rxd1+ 24.Rxd1 a6 25.e5 Nd7 
26.Rd6 Nc5 27.Qc4 Bh6 28.Qxb4 Nxb3 29.axb3 Rc8 
30.Qe4 Qe7 31.Ba3 Qc7 32.h5 Bf8 33.hxg6+ hxg6 
34.Qf4+ Kg8 35.Rxe6 Qxc2+ 36.Ka1 
Bxa3 0-1

[Event "HCL-T261"]
[Site "www.playchess.de"]
[Date "2006.02.07"]
[Round "7"]
[White "gridguy"]
[Black "sparpaket"]
[WhiteElo "1743"]
[BlackElo "1560"]
[PlyCount "31"]
[Result "1-0"]

1.e4 c5 2.Nf3 d6 3.d4 cxd4 4.Nxd4 Nf6 5.Nc3 g6 
6.Be3 Bg7 7.f3 O-O 8.Qd2 Nc6 9.Bc4 a6 10.O-O-O Ne5 
11.Bb3 b5 12.Bh6 Nc4 13.Bxc4 bxc4 14.Bxg7 Kxg7 
15.Rhe1 Rb8 16.e5 1-0

[Event "HCL-C4071"]
[Site "www.playchess.de"]
[Date "2006.02.08"]
[Round "8"]
[White "aussie"]
[Black "Idris"]
[WhiteElo "1079"]
[BlackElo "878"]
[PlyCount "49"]
[Result "1-0"]

1.e4 e5 2.Nf3 Nc6 3.Bb5 Bc5 4.Bxc6 dxc6 5.b3 Nf6 
6.O-O Be6 7.d3 Qd7 8.Bb2 Ng4 9.Nxe5 Nxe5 10.Bxe5 
f6 11.Bb2 Bg4 12.Qd2 O-O-O 13.b4 Bd6 14.c4 g5 
15.Bxf6 Bf4 16.Qc3 Qxd3 17.Qxd3 Rxd3 18.Bxh8 Be2 
19.Re1 Bd1 20.Nc3 Rd8 21.Bf6 Bd2 22.Rexd1 Rd3 
23.Bxg5 Bxc3 24.Rxd3 Bxb4 25.Rd8+ 1-0

[Event "HCL-C4120"]
[Site "www.playchess.de"]
[Date "2006.02.08"]
[Round "12"]
[White "Tribun"]
[Black "cxstevec"]
[WhiteElo "800"]
[BlackElo "1276"]
[PlyCount "96"]
[Result "0-1"]

1.e4 c5 {Hi, have a nice game}  2.Bc4 {also! 
Thanks}  d6 3.Qh5 g6 4.Qf3 Nf6 5.Qb3 e6 6.f3 Bg7 
7.Ne2 O-O 8.Qe3 a6 9.Nbc3 b5 10.Bd3 c4 11.Bxc4 
bxc4 12.O-O Nc6 13.Nd4 Bb7 14.b3 cxb3 15.axb3 d5 
16.Ba3 Re8 17.d3 dxe4 18.dxe4 Ng4 19.Qd3 Qxd4+ 
20.Kh1 Nf2+ 21.Rxf2 Qxf2 22.Rf1 Qd4 23.Bb2 Qxd3 
24.cxd3 Nb4 25.d4 Bxd4 26.Na4 Be3 27.Nc5 Bxc5 
28.h4 Be7 29.g3 Red8 30.g4 Rd2 31.Bc1 Rc2 32.Bf4 
Rac8 33.h5 Nd3 34.Bg3 R2c1 35.Rg1 Rxg1+ 36.Kxg1 
Rc2 37.Kh1 gxh5 38.gxh5 Nf2+ 39.Kg2 Nxe4+ 40.Kh3 
Nxg3 41.Kxg3 Rc3 42.b4 Bxf3 43.Kf4 Bd6+ 44.Kg5 
Be7+ 45.Kh6 Bd6 46.Kg5 Rd3 47.Kf6 Rd5 48.h6 
Kf8 0-1

[Event "HCL-B3832"]
[Site "www.playchess.de"]
[Date "2006.02.08"]
[Round "2"]
[White "djpnola"]
[Black "garden"]
[WhiteElo "1150"]
[BlackElo "1078"]
[PlyCount "100"]
[Result "0-1"]

1.f4 {We meet again. Hello.}  e6 {yes! I am back 
to class B...Hello!}  2.Nf3 d5 3.d4 Bb4+ 4.c3 Bd6 
5.Nbd2 Bxf4 6.g3 Be3 7.Nb3 Bxc1 8.Rxc1 Bd7 9.e3 
Ba4 10.Bd3 Qf6 11.O-O Nc6 12.Qe2 Bxb3 13.axb3 Nh6 
14.Ne5 Qe7 15.Bb5 Qd6 16.Bxc6+ bxc6 17.Qh5 O-O 
18.g4 Qe7 19.Nxc6 Qd6 20.Ne5 f6 21.g5 fxe5 22.gxh6 
g6 23.Qxe5 Qxe5 24.dxe5 Rxf1+ 25.Rxf1 Rf8 26.Rf6 
Rxf6 27.exf6 Kf7 28.Kf2 Kxf6 29.Kf3 Kg5 30.e4 Kxh6 
31.exd5 exd5 32.Kg4 g5 33.h4 gxh4 34.Kxh4 Kg6 
35.Kg4 h6 36.b4 Kf6 37.b5 Ke6 38.Kf4 Kd6 39.b4 c5 
40.Kf5 h5 41.Kf4 d4 42.bxc5+ Kxc5 43.cxd4+ Kxd4 
44.Kg5 Kc5 45.Kxh5 Kxb5 46.Kg4 a5 47.Kf3 a4 48.Ke3 
a3 49.Kd2 a2 50.Kc2 a1Q 0-1

[Event "HCL-B3755"]
[Site "www.playchess.de"]
[Date "2006.02.08"]
[Round "2"]
[White "Rochade_III"]
[Black "vulcan"]
[WhiteElo "596"]
[BlackElo "1206"]
[PlyCount "100"]
[Result "0-1"]

1.e4 e6 2.Nf3 d5 3.e5 c5 4.c3 Nc6 5.d4 Qb6 6.Be3 
Qxb2 7.Nbd2 Qxc3 8.dxc5 Nxe5 9.Bb5+ Nd7 10.O-O a6 
11.Ba4 Bxc5 12.Bxc5 Qxc5 13.Ne5 b5 14.Nxd7 Bxd7 
15.Bb3 Nf6 16.Rc1 Qb6 17.Nf3 O-O 18.Ne5 Rac8 
19.Qd3 Rxc1 20.Rxc1 Rc8 21.Bc2 Qa5 22.Nxd7 Ne4 
23.f3 Nc5 24.Nxc5 Rxc5 25.Qxh7+ Kf8 26.Qd3 Qxa2 
27.Qd2 b4 28.Qxb4 Qc4 29.Qxc4 Rxc4 30.Kf1 a5 
31.Ke1 a4 32.Kd2 a3 33.Ra1 d4 34.Rxa3 Ke7 35.Kd3 
Rc6 36.Kxd4 Rxc2 37.g4 Rxh2 38.Ke5 Re2+ 39.Kf4 Kf6 
40.Ra5 e5+ 41.Kg3 e4 42.f4 Re3+ 43.Kh4 Rf3 44.f5 
g6 45.Ra6+ Kg7 46.Kg5 e3 47.fxg6 f6+ 48.Kh5 e2 
49.Ra7+ Kg8 50.Kh6 Rh3+ 0-1

[Event "HCL-B3839"]
[Site "www.playchess.de"]
[Date "2006.02.08"]
[Round "7"]
[White "arsenio"]
[Black "Sporang"]
[WhiteElo "1117"]
[BlackElo "1031"]
[PlyCount "60"]
[Result "0-1"]

1.e4 e5 2.Nf3 Nc6 3.Bb5 d6 4.d4 a6 5.Ba4 b5 6.Bb3 
Nf6 7.Bg5 h6 8.Bh4 Be7 9.O-O O-O 10.c3 Be6 11.Bc2 
Bc4 12.Re1 exd4 13.cxd4 d5 14.exd5 Bxd5 15.Nbd2 
Re8 16.Nf1 Bxf3 17.Qxf3 Nxd4 18.Qd3 Nxc2 19.Qxc2 
c5 20.Rad1 Qc7 21.Ne3 Qc6 22.Bxf6 Bxf6 23.Nd5 
Rxe1+ 24.Rxe1 Qxd5 25.Rd1 Re8 26.h3 Qxa2 27.Qxc5 
Qxb2 28.Qb6 Qe2 29.Rd6 Qe1+ 30.Kh2 
Be5+ 0-1

[Event "HCL-E1500"]
[Site "www.playchess.de"]
[Date "2006.02.08"]
[Round "4"]
[White "Fantaw"]
[Black "guitran"]
[WhiteElo "1582"]
[BlackElo "1414"]
[PlyCount "88"]
[Result "1-0"]

1.Nf3 Nc6 2.d4 d5 3.g3 g6 4.Bg2 Bg7 5.O-O Nf6 6.h3 
O-O 7.Be3 Bf5 8.Nbd2 Re8 9.c4 e5 10.dxe5 Nxe5 
11.Nxe5 Rxe5 12.cxd5 Nxd5 13.Bd4 Re8 14.Bxg7 Kxg7 
15.e4 Qe7 16.exf5 c6 17.Bxd5 cxd5 18.Qf3 Qe2 
19.fxg6 hxg6 20.Qc3+ Qe5 21.Nf3 Qxc3 22.bxc3 Rac8 
23.Rac1 Re2 24.a3 b5 25.Rfd1 Rc5 26.Rd2 Rxd2 
27.Nxd2 Rc7 28.Nb3 a6 29.Nd4 Rc5 30.Kf1 Kf8 31.Ke2 
Ke7 32.Kd3 Rc4 33.Re1+ Kf6 34.Re8 Ra4 35.Nc2 Kg7 
36.f4 f5 37.Re5 Rc4 38.Rxd5 Rc7 39.Nd4 Re7 40.Rd6 
Re1 41.Rxa6 Rh1 42.Ne6+ Kh6 43.Ng5 Rg1 44.Ra7 
Rd1+ 1-0

[Event "HCL-C3983"]
[Site "www.playchess.de"]
[Date "2006.02.08"]
[Round "7"]
[White "arsenius"]
[Black "Flannery"]
[WhiteElo "840"]
[BlackElo "867"]
[PlyCount "88"]
[Result "0-1"]

1.e4 e5 2.Nf3 Nc6 3.Bb5 Qf6 4.Nc3 a6 5.Ba4 Bc5 
6.Nd5 Qd6 7.O-O Nf6 8.Bxc6 Qxc6 9.Nxf6+ Qxf6 10.d3 
d6 11.Bg5 Qe6 12.h3 O-O 13.c3 b5 14.b4 Bb6 15.Qe2 
Bb7 16.d4 exd4 17.cxd4 Bxe4 18.Rae1 Rfe8 19.Nd2 d5 
20.f3 Bxd4+ 21.Kh1 Bf5 22.Qxe6 fxe6 23.g4 Bd3 
24.Nb3 Bxf1 25.Rxf1 Bf6 26.Bxf6 gxf6 27.f4 e5 
28.fxe5 Rxe5 29.Rxf6 Kg7 30.Rc6 Re2 31.Rxc7+ Kf6 
32.Rxh7 Rae8 33.Rh6+ Kg5 34.Rh5+ Kg6 35.h4 R2e1+ 
36.Kg2 R8e2+ 37.Kf3 R2e3+ 38.Kf2 R1e2+ 39.Kf1 Rxa2 
40.Rg5+ Kf6 41.Rf5+ Ke6 42.Nd4+ Ke7 43.Nc6+ Kd6 
44.Rf6+ Re6 0-1

[Event "HCL-A2581"]
[Site "www.playchess.de"]
[Date "2006.02.08"]
[Round "1"]
[White "gridguy"]
[Black "Spotsychess"]
[WhiteElo "1716"]
[BlackElo "1448"]
[PlyCount "31"]
[Result "1/2-1/2"]

1.d4 e6 2.c4 b6 3.Nc3 Bb7 4.e4 Bb4 5.Bd3 Nf6 6.Bg5 
h6 7.Bxf6 Qxf6 8.Nf3 O-O 9.O-O Bxc3 10.bxc3 d6 
11.a4 Nd7 12.Rc1 c5 13.Re1 e5 14.Bc2 Rac8 15.d5 
Ba6 16.Bb3 {(offering draw) We both have this one 
locked up pretty tight.}  1/2-1/2

[Event "HCL-E1544"]
[Site "www.playchess.de"]
[Date "2006.02.08"]
[Round "9"]
[White "mrchess"]
[Black "Matu"]
[WhiteElo "1418"]
[BlackElo "1494"]
[PlyCount "75"]
[Result "1-0"]

1.d4 {good luck}  Nf6 {good luck}  2.c4 e6 3.Nc3 
d5 4.cxd5 Nxd5 5.e4 Nxc3 6.bxc3 c5 7.Bc4 cxd4 
8.cxd4 Bb4+ 9.Ke2 O-O 10.Nf3 Nd7 11.Qb3 Be7 12.Bf4 
Nf6 13.Qc2 b6 14.Bd3 Bb7 15.e5 Bxf3+ 16.gxf3 Nh5 
17.Bxh7+ Kh8 18.Be3 g6 19.Bxg6 fxg6 20.Qxg6 Rf5 
21.Qh6+ Kg8 22.Qxe6+ Rf7 23.Rhg1+ Kf8 24.Bh6+ Ng7 
25.Qg4 Ke8 26.Bxg7 Qd5 27.Qe4 Qb5+ 28.Qd3 Qxd3+ 
29.Kxd3 Rxf3+ 30.Ke2 Rh3 31.Rg2 Kf7 32.Rc1 Rg8 
33.Rcg1 Bf8 34.Bxf8 Rxg2 35.Rxg2 Kxf8 36.f3 Kf7 
37.Ke3 Ke6 38.Ke4 1-0